| 000 | 00356nam a22001577a 4500 | ||
|---|---|---|---|
| 005 | 20160629122928.0 | ||
| 008 | 160629b xxu||||| |||| 00| 0 eng d | ||
| 041 | _aeng | ||
| 082 | _b11024 | ||
| 100 |
_aGhosh, Dr Ajit Kumar _93170 |
||
| 245 | _aBangla Natakar Itihas | ||
| 260 | _bDeys Books | ||
| 300 | _a536 | ||
| 650 |
_aManagement _9241 |
||
| 942 | _cBK | ||
| 999 |
_c4647 _d4645 |
||